Animal Alphabet Picture 45 - Statistics

General Stats
  • This quiz has been taken 32 times
  • The average score is 23 of 26
Answer Stats
Picture Hint Answer % Correct
A Alligator
100%
B Bear
100%
D Donkey
100%
E Elephant
100%
F Fox
100%
G Giraffe
100%
J Jaguar
100%
K Kangaroo
100%
O Octopus
100%
P Penguin
100%
T Tiger
100%
U Unicorn
100%
Y Yak
100%
Z Zebra
100%
C Cheetah
96%
L Llama
96%
R Raccoon
96%
S Skunk
96%
H Hippopotamus
91%
I Iguana
91%
W Walrus
91%
V Vulture
83%
Q Quail
70%
X X-Ray Fish
48%
M Marmoset
39%
N Numbat
26%
No matching quizzes found
Score Distribution
Percent of People with Each Score
Percentile by Number Answered
Your Score History
You have not taken this quiz